Russian federation

Na minha lista:
Detalhes bibliográficos
Formato: Livro
Idioma:inglês
francês
Publicado em: Paris OECD 2011
Colecção:OECD reviews of innovation policy
Assuntos:
Tags: Adicionar Tag
Sem tags, seja o primeiro a adicionar uma tag!

MARC

LEADER 00000nam a2200000 4500
001 0146613
005 20240315121216.3
020 |a 978-92-64-11312-1 
041 0 |a eng 
041 0 |a fre 
044 |a FR 
245 1 0 |a Russian federation 
264 1 |a Paris  |b OECD  |c 2011 
300 |a 256 s. 
490 1 |a OECD reviews of innovation policy 
830 0 |a OECD reviews of innovation policy 
610 2 0 |a inovácia 
610 2 0 |a obchod medzinárodný 
610 2 0 |a investície priame zahraničné 
610 2 0 |a vývoj hospodársky 
610 2 0 |a zdroje ľudské 
610 2 0 |a vzdelanie 
610 2 0 |a reformy 
610 2 0 |a veda 
610 2 0 |a technológia 
610 2 0 |a Rusko